000 01465aam a2200325 i 4500
001 768714001
003 CO-MdFUSB
005 20231011121926.0
007 ta
008 231002t20062014ck ||||g |||| 00| 0 spa d
020 _q[No incluye ISBN]
040 _aCO-MdFUSB
_bspa
_cCO-MdFUSB
_dCO-MdFUSBC
_erda
041 _aspa
082 _223
_a227.507
_bB467
100 _aBenítez, Julio Cesar,
_eautor
245 1 4 _aEfesios
_b : las riquezas de su gracia
_c/ Julio Cesar Benítez
250 _asegunda edición
264 1 _aMedellín, Colombia :
_bFundación IBRC,
_c[2006]
264 4 _c©2014
300 _a268 páginas
_c; 21 cm
336 _2rdacontent
_atexto
_btxt
337 _2rdamedia
_asin mediación
_bn
338 _2rdacarrier
_avolumen
_bnc
504 _aIncluye índice y bibliografía
505 _aI. Autor, fecha, destinatarios y tema -- II. Las riquezas de la Gracia en las bendiciones Espirituales -- III. Las riquezas de la Gracia en el conocimiento de Cristo -- IV. Las riquezas de la Gracia en la obra de Cristo -- V. Las riquezas de la Gracia en el Ministerio a los Gentiles -- VI. Las riquezas de la Gracia en la Iglesia -- VII. Las riquezas de la Gracia en una Nueva Vida -- VIII. Las riquezas de la Gracia en las relaciones de autoridad y sumisión -- IX. Las riquezas de la Gracia en la lucha Espiritual.
563 _aRústico
630 0 7 _aBiblia.
_pEfesios
_xCrítica, interpretación, etc.
942 _cBK
945 _asor1564
999 _c69080
_d69080